Professionalization of Political Campaigns: Roadmap for the Analysis

Plán na analýzu profesionalizácie volebných kampaní so zameraním na kvalitatívne štúdie. Kauzálny mechanizmus profesionalizácie volebných kampaní, vrátane identifikácie interných a externých faktorov a možných rámcových podmienok, ktoré k tomu prispievajú (t. j. profesionalizácia), prostredníctvom p...

Full description

Saved in:
Bibliographic Details
Main Author: Ostrá, Daniela
Format: Book Chapter
Language:English
Subjects:
Tags: Add Tag
No Tags, Be the first to tag this record!

MARC

LEADER 00000naa a2200000 4500
001 0279331
005 20211029123814.3
041 0 |a eng 
044 |a SK 
245 1 0 |a Professionalization of Political Campaigns: Roadmap for the Analysis  |c Daniela Ostrá 
520 |a Plán na analýzu profesionalizácie volebných kampaní so zameraním na kvalitatívne štúdie. Kauzálny mechanizmus profesionalizácie volebných kampaní, vrátane identifikácie interných a externých faktorov a možných rámcových podmienok, ktoré k tomu prispievajú (t. j. profesionalizácia), prostredníctvom procesu sledovania (tj. kauzálny mechanizmus je vybudovaný na základe tzv. metóda sledovania procesu). Vonkajšie faktory definované ako podmienky prostredia, medzi ktoré patrí klesajúca volebná účasť, klesajúca stranícka identifikácia, rastúca volebná volatilita a klesajúci záujem o členstvo v politickej strane. 
610 2 0 |a kampane volebné 
610 2 0 |a politika 
610 2 0 |a strany politické 
610 2 0 |a volatilita 
610 2 0 |a voľby 
100 1 |a Ostrá, Daniela